000 01453cam a22003614a 4500
999 _c2553
_d2553
001 14450265
003 GZU
005 20201103123811.0
008 060713s2008 maua b 001 0 eng
010 _a 2006046734
020 _a9780073528083 (alk. paper)
020 _a0073528080 (alk. paper)
040 _aDLC
_cDLC
_dDLC
043 _an-us---
050 0 0 _aHQ536
_bCHE 2008
082 0 0 _a306.85
_222
100 1 _aCherlin, Andrew J.,
_d1948-
245 1 0 _aPublic & private families :
_ban introduction /
_cAndrew J. Cherlin.
246 3 _aPublic and private families
250 _a5th ed.
260 _aBoston :
_bMcGraw Hill,
_cc2008.
300 _axxviii, 572 p. :
_bcol. ill. ;
_c26 cm.
504 _aIncludes bibliographical references (p. 520-552) and indexes.
650 0 _aFamilies
_zUnited States.
650 0 _aFamilies.
650 0 _aFamily policy.
856 4 2 _3Publisher description
_uhttp://www.loc.gov/catdir/enhancements/fy0668/2006046734-d.html
856 4 1 _3Table of contents only
_uhttp://www.loc.gov/catdir/enhancements/fy0668/2006046734-t.html
856 4 2 _3Contributor biographical information
_uhttp://www.loc.gov/catdir/enhancements/fy0735/2006046734-b.html
906 _a7
_bcbc
_corignew
_d1
_eocip
_f20
_gy-gencatlg
942 _2lcc
_cBK
_e5th
_h536
_iCHE
_kHQ